अन्नदा / (Record no. 115520)

MARC details
000 -LEADER
fixed length control field 01011nam a22002777a 4500
003 - CONTROL NUMBER IDENTIFIER
control field dpl
005 - DATE AND TIME OF LATEST TRANSACTION
control field 20180713123059.0
008 - FIXED-LENGTH DATA ELEMENTS--GENERAL INFORMATION
fixed length control field 180713b xxu||||| |||| 00| 0 eng d
010 ## - LIBRARY OF CONGRESS CONTROL NUMBER
LC control number A-445822
020 ## - INTERNATIONAL STANDARD BOOK NUMBER
Terms of availability 25.00
035 ## - SYSTEM CONTROL NUMBER
System control number A-445822, A-959270
037 ## - SOURCE OF ACQUISITION
Source of stock number/acquisition Cen Lib/Ret
040 ## - CATALOGING SOURCE
Original cataloging agency DPL
Language of cataloging HN
Transcribing agency 0
082 ## - DEWEY DECIMAL CLASSIFICATION NUMBER
Classification number
Item number शुक्लअ
100 ## - MAIN ENTRY--PERSONAL NAME
Personal name शुक्ल, अमरनाथ
9 (RLIN) 61782
245 ## - TITLE STATEMENT
Title अन्नदा /
Statement of responsibility, etc अमरनाथ शुक्ल
246 ## - VARYING FORM OF TITLE
Title proper/short title Annada /
Remainder of title by Amarnath Shukla
260 ## - PUBLICATION, DISTRIBUTION, ETC. (IMPRINT)
Place of publication, distribution, etc नयी दिल्ली
Name of publisher, distributor, etc विद्या प्रकाशन मन्दिर
Date of publication, distribution, etc 1982
270 ## - ADDRESS
City नयी दिल्ली
Address 1681, दरिया गंज
Postal code 110002
300 ## - PHYSICAL DESCRIPTION
Extent 171पृ.
Dimensions 17सेमी(सजिल्द)
650 ## - SUBJECT ADDED ENTRY--TOPICAL TERM
Topical term or geographic name as entry element हिन्दी साहित्य
9 (RLIN) 61783
650 ## - SUBJECT ADDED ENTRY--TOPICAL TERM
Topical term or geographic name as entry element उपन्यास
9 (RLIN) 61784
650 ## - SUBJECT ADDED ENTRY--TOPICAL TERM
Topical term or geographic name as entry element Hindi literature
9 (RLIN) 61785
650 ## - SUBJECT ADDED ENTRY--TOPICAL TERM
Topical term or geographic name as entry element Fiction
9 (RLIN) 8901
942 ## - ADDED ENTRY ELEMENTS (KOHA)
Source of classification or shelving scheme Dewey Decimal Classification
Koha item type Hindi Books
Classification part
Call number suffix शुक्लअ
Holdings
Withdrawn status Lost status Damaged status Not for loan Home library Current library Date acquired Source of acquisition Cost, normal purchase price Total Checkouts Full call number Barcode Date last seen Copy number Cost, replacement price Price effective from Koha item type Source of classification or shelving scheme Public note Collection code
        Central Library Central Library 20/08/2015 Cen Lib/Ret 25.00   उ शुक्लअ A-445822 20/08/2015 1 25.00 20/08/2015 Hindi Books      
        Central Library Central Library 12/10/2016 Cen Lib/Ret 25.00   उ शुक्लअ A-397603 12/10/2016 2 25.00 12/10/2016 Hindi Books Dewey Decimal Classification    
Written off       Central Library Central Library 12/10/2016 Cen Lib/Ret 25.00   उ शुक्लअ A-124230 12/10/2016 3 25.00 12/10/2016 Hindi Books Dewey Decimal Classification Written off on approval by DLB (By Circulation); dtd 20.12.2022  
        Shahdara Branch Shahdara Branch 13/07/2018 BPPD/PUB 100.00   उ शुक्लअ A-959270 13/07/2018   100.00 13/07/2018 Hindi Books Dewey Decimal Classification   Fiction

© Delhi Public Library
Hit Counter
free hit counter